[Event "IND-ch U13 Girls 31st"]
[Site "Jalandhar"]
[Date "2017.06.25"]
[Round "7"]
[White "Sathwika, N."]
[Black "Bristy, Mukherjee"]
[Result "0-1"]
[WhiteElo "1442"]
[BlackElo "1652"]
[PlyCount "62"]
[EventDate "2017.06.21"]
[EventType "swiss"]
[EventRounds "11"]
[EventCountry "IND"]
[SourceTitle "CBM 179 Extra"]
[Source "ChessBase"]
[SourceDate "2017.08.23"]
[SourceVersion "1"]
[SourceVersionDate "2017.08.23"]
[SourceQuality "1"]

1. e4 e5 2. Nf3 Nc6 3. d4 exd4 4. Nxd4 Nf6 5. Nxc6 bxc6 6. e5 Qe7 7. Qe2 Nd5 8. c4 Ba6 9. b3 g6 10. f4 Bg7 11. Qf2 Nb6 12. Bd3 f6 13. Ba3 Qe6 14. 0-0 fxe5 15. f5 gxf5 16. Bxf5 Qf7 17. Qe2 0-0-0 18. Bg4 Qg6 19. Bh5 Qh6 20. Nc3 e4 21. Rac1 Bd4+ 22. Kh1 d5 23. Bg4+ Kb8 24. Rf7 Be5 25. Bh3 Bxc3 26. Rxc3 d4 27. Rc1 Rhe8 28. Qg4 e3 29. Qg3 Na8 30. Re1 d3 31. Bg4 e2 0-1

[Event "IND-ch U13 Girls 31st"]
[Site "Jalandhar"]
[Date "2017.06.22"]
[Round "3"]
[White "Sathwika, N."]
[Black "Dhyana, Patel"]
[Result "1/2-1/2"]
[WhiteElo "1442"]
[BlackElo "1598"]
[PlyCount "102"]
[EventDate "2017.06.21"]
[EventType "swiss"]
[EventRounds "11"]
[EventCountry "IND"]
[SourceTitle "CBM 179 Extra"]
[Source "ChessBase"]
[SourceDate "2017.08.23"]
[SourceVersion "1"]
[SourceVersionDate "2017.08.23"]
[SourceQuality "1"]

1. e4 c5 2. Nf3 g6 3. d4 cxd4 4. Nxd4 Nc6 5. Nc3 Bg7 6. Be3 Nf6 7. Bc4 0-0 8. Qd2 Ng4 9. Nxc6 bxc6 10. Bd4 Nf6 11. 0-0 d6 12. h3 e5 13. Be3 Bb7 14. Rad1 Ne8 15. Bc5 Qh4 16. Be3 Qe7 17. Bg5 Qc7 18. Rfe1 Kh8 19. Bb3 f6 20. Bh6 Rd8 21. Be3 Bc8 22. f3 Rd7 23. Qf2 Re7 24. Qd2 Be6 25. Bxe6 Rxe6 26. Qe2 Re7 27. b4 Qb8 28. Rb1 Rb7 29. b5 c5 30. Nd5 Nc7 31. Nxc7 Qxc7 32. Red1 Rfb8 33. Qd3 Bf8 34. c4 Qf7 35. f4 exf4 36. Bxf4 Rd8 37. Qd5 Kg7 38. Be3 Qxd5 39. Rxd5 Re8 40. Re1 Kf7 41. Bf4 Re6 42. Kf2 Rd7 43. g4 g5 44. Bg3 Kg6 45. Kf3 Rd8 46. Red1 Rde8 47. Re1 Kf7 48. Rd3 Kg6 49. Ra3 R8e7 50. Ra6 Rd7 51. Re3 Re8 1/2-1/2

[Event "IND-ch U11 Girls 30th"]
[Site "India"]
[Date "2016.07.02"]
[Round "7"]
[White "Bhagyashree, Patil"]
[Black "Sathwika, N."]
[Result "0-1"]
[WhiteElo "1547"]
[BlackElo "1441"]
[PlyCount "126"]
[EventDate "2016.06.28"]
[EventType "swiss"]
[EventRounds "11"]
[EventCountry "IND"]
[SourceTitle "CBM 173 Extra"]
[Source "ChessBase"]
[SourceDate "2016.08.29"]
[SourceVersion "1"]
[SourceVersionDate "2016.08.29"]
[SourceQuality "1"]

1. e4 c5 2. Nf3 e6 3. d4 cxd4 4. Nxd4 a6 5. Nc3 Qc7 6. a3 Nf6 7. Be2 b5 8. Be3 Bb7 9. f3 Nc6 10. Nxc6 dxc6 11. 0-0 c5 12. Kh1 Rd8 13. Qc1 Bd6 14. g3 0-0 15. Nd1 Rc8 16. Nf2 Rfd8 17. Kg2 c4 18. c3 Nd7 19. Ng4 Ne5 20. Nxe5 Bxe5 21. Qc2 Qc6 22. Rad1 Bf6 23. Rxd8+ Rxd8 24. Rd1 h6 25. Kf2 a5 26. Rd2 Rd6 27. Qd1 Be7 28. Rd4 e5 29. Rxd6 Bxd6 30. Kf1 Kh7 31. Ke1 Bc5 32. Qd2 Qb6 33. Kf2 Bxe3+ 34. Qxe3 Qc6 35. Ke1 Bc8 36. Qa7 Be6 37. Qxa5 Qc5 38. Kd2 Qd6+ 39. Kc2 Qc5 40. a4 Qf2 41. Kd2 bxa4 42. Qxe5 Qxh2 43. Qc7 Qf2 44. Qd6 Qg1 45. g4 Qb1 46. Qb4 f6 47. Qxa4 Qxb2+ 48. Qc2 Qb5 49. e5+ Kg8 50. exf6 Qg5+ 51. Kd1 Qxf6 52. Qe4 Kh8 53. Qd4 Qf7 54. f4 Qc7 55. f5 Bg8 56. Kd2 Qc6 57. Ke3 Kh7 58. Bf3 Qa6 59. Be4 Kh8 60. Qd8 Qa3 61. Kd4 Qa7+ 62. Ke5 Qe3 63. Qd4 Qg3# 0-1

[Event "IND-ch U25 Girls 5th"]
[Site "Bhubaneswar"]
[Date "2015.12.11"]
[Round "3"]
[White "Aparajita, Gochhikar"]
[Black "Sathwika, N."]
[Result "1-0"]
[WhiteElo "1769"]
[BlackElo "1301"]
[PlyCount "73"]
[EventDate "2015.12.10"]
[EventType "swiss"]
[EventRounds "8"]
[EventCountry "IND"]
[SourceTitle "CBM 169 Extra"]
[Source "ChessBase"]
[SourceDate "2015.12.18"]
[SourceVersion "1"]
[SourceVersionDate "2015.12.18"]
[SourceQuality "1"]

1. e4 c5 2. c3 d6 3. d4 Nf6 4. Bd3 Nc6 5. Ne2 e6 6. Bg5 Be7 7. Nd2 0-0 8. f4 a6 9. Nf3 b5 10. 0-0 Bb7 11. Qe1 h6 12. Bh4 Ng4 13. Bxe7 Qxe7 14. Ng3 cxd4 15. cxd4 Qd8 16. Rd1 Qb6 17. Kh1 Nf6 18. e5 dxe5 19. fxe5 Nd5 20. Qe4 g6 21. Qh4 Kh7 22. Nh5 Rh8 23. Nf6+ Nxf6 24. exf6 Nb4 25. Bb1 Rad8 26. Ne5 Rhf8 27. Qg4 Rg8 28. Nxf7 Qc7 29. Nxd8 Qxd8 30. f7 Rg7 31. f8Q Qc7 32. Bxg6+ Rxg6 33. Rf7+ Qxf7 34. Qxf7+ Kh8 35. Qgxg6 Bxg2+ 36. Qxg2 Nd5 37. Qgg7# 1-0